| 000 | 01179nam a22002177a 4500 | ||
|---|---|---|---|
| 005 | 20230320103522.0 | ||
| 008 | 230227b ||||| |||| 00| 0 eng d | ||
| 020 | _a9789089648921 | ||
| 040 | _cAL | ||
| 041 | _aeng | ||
| 082 |
_a791.4301 _223 _bTROC |
||
| 100 |
_aMargrit Trohler _973431 |
||
| 245 |
_aChristian metz and the codes of cinema _b: Film semiology and beyond |
||
| 260 |
_aChicago _bAmsterdam University press _c2018 |
||
| 300 |
_a484p. _bPB _c23x15.5cm. |
||
| 365 |
_2General _aWORDI/2022/CRB/1323 _b4088.00 _d5840.00 _e30% _f26-08-2022 |
||
| 520 | _aA pioneering figure in film studies, Christian Metz proposed countless new concepts for reflecting on cinema, rooted in his phenomenological structuralism. He also played a key role in establishing film studies as a scholarly discipline, making major contributions to its institutionalisation in universities worldwide. This book brings together a stellar roster of contributors to present a close analysis of Metz's writings, their theoretical and epistemological positions, and their ongoing influence today | ||
| 650 |
_2Public Performences _aFilm _973432 |
||
| 700 |
_aKirsten, Guido _973439 |
||
| 942 |
_2ddc _cBK |
||
| 999 |
_c226824 _d226824 |
||